The Designer Guide to WEB Type your connection tot he best fonts online
| Main Author: | |
|---|---|
| Format: | Book |
| Published: |
New York :
Hcarst Books International ,
2001
|
| Subjects: |
MARC
| LEADER | 00000cam a2200000 7i4500 | ||
|---|---|---|---|
| 001 | 0000012252 | ||
| 005 | 20050503.0 | ||
| 020 | |a 0060933739 | ||
| 040 | |a INS | ||
| 090 | 0 | 0 | |a Z250.7 |b Z624 2001 |
| 100 | 1 | |a Ziegler, Kathleen | |
| 245 | 1 | 4 | |a The Designer Guide to WEB Type your connection tot he best fonts online |c Kathleen Ziegler |
| 260 | |a New York : |b Hcarst Books International , |c 2001 | ||
| 300 | |a 287p : |b 25cm | ||
| 650 | 0 | 0 | |a Computer fonts |x Specimens |y Computer network resources |z Handbook Manuals etc |
| 999 | |a 0000011820 |b BOOK |c Open Shelf |e Default branch | ||